| 000 | 01296nmm a2200349 a 4500 | ||
|---|---|---|---|
| 001 | ocm0002016196 | ||
| 003 | TR-IsHL | ||
| 005 | 20201028175339.0 | ||
| 008 | 181026s2015 tu tur | ||
| 007 | cr cn | ||
| 020 | _a9786059143028 | ||
| 035 |
_a2016196 _b(N$T) |
||
| 050 | 0 | 4 |
_aHB3722 _b.D64 2015 |
| 090 | 0 | 4 |
_aHB3722 _b.D64 2015 |
| 100 | 1 | _aDoğru, Bülent | |
| 245 | 1 | 0 |
_aTürkiye'nin yakın dönem ekonomik krizleri 1994, 2001, 2008 _h[electronic resource] / _cBülent Doğru ; genel yayın yönetmeni Yusuf Günbaş |
| 250 | _a1. Baskı | ||
| 260 |
_aİstanbul : _bHiperlink Yayınları, _c2015 |
||
| 300 | _a154 p. | ||
| 500 | _aIncludes bibliographical references and index | ||
| 650 | 4 | _aEkonomi ve Finans | |
| 650 | 4 | _aEconomics and Finance | |
| 650 | 0 |
_aFinansal krizler _x Türkiye _x Tarih. |
|
| 650 | 0 |
_aFinancial crises _x Turkey _x History. |
|
| 650 | 0 | _aKüresel Finansal Krizler, 2008-2009. | |
| 650 | 0 | _aGlobal Financial Crisis, 2008-2009. | |
| 650 | 0 |
_aTürkiye _x Ekonomik durum _x 1960- |
|
| 650 | 0 |
_aTurkey _x Economic conditions _x 1960- |
|
| 650 | 7 |
_aBUSINESS & ECONOMICS / Finance / General _2bisacsh |
|
| 700 | 1 | _aGünbaş, Yusuf | |
| 856 | 4 | 0 | _uhttp://search.ebscohost.com/login.aspx?direct=true&scope=site&db=e011xww&AN=2016196 |
| 999 |
_c18627 _d18627 |
||